[Event "MVP-ch Seniors op 19th"]
[Site "Ostseebad Binz"]
[Date "2019.11.28"]
[Round "2"]
[White "Noelter, Gerd"]
[Black "Lehmann, Erwin"]
[Result "1/2-1/2"]
[WhiteElo "1870"]
[BlackElo "1989"]
[PlyCount "71"]
[EventDate "2019.11.27"]
[EventType "swiss"]
[EventRounds "9"]
[EventCountry "GER"]
[SourceTitle "EXT 2021"]
[Source "ChessBase"]
[SourceDate "2020.10.23"]
[SourceVersion "1"]
[SourceVersionDate "2020.10.23"]
[SourceQuality "1"]

1. d4 f5 2. e3 Nf6 3. Nf3 e6 4. Be2 d5 5. Ne5 Bd6 6. f4 0-0 7. Nf3 Qe7 8. Nbd2 Nbd7 9. 0-0 b6 10. Ne5 Bb7 11. Rf3 Ne4 12. Nxd7 Qxd7 13. Rh3 Nxd2 14. Bxd2 c5 15. c3 cxd4 16. cxd4 Rac8 17. Bd3 g6 18. g4 a5 19. Rg3 Qe7 20. a3 Bc6 21. g5 a4 22. h4 b5 23. Qe1 Rb8 24. Rg2 b4 25. axb4 Bxb4 26. Bxb4 Rxb4 27. Rc2 Bd7 28. Rc5 Rfb8 29. Bc2 Qe8 30. Qd1 Rxb2 31. Ra5 Qd8 32. Ra7 Ra8 33. Rxa8 Qxa8 34. Bxa4 Bxa4 35. Qxa4 Qxa4 36. Rxa4 1/2-1/2

[Event "MVP-ch Seniors op 19th"]
[Site "Ostseebad Binz"]
[Date "2019.11.27"]
[Round "1"]
[White "Kremser, Ulrich"]
[Black "Noelter, Gerd"]
[Result "0-1"]
[WhiteElo "1452"]
[BlackElo "1870"]
[PlyCount "70"]
[EventDate "2019.11.27"]
[EventType "swiss"]
[EventRounds "9"]
[EventCountry "GER"]
[SourceTitle "EXT 2021"]
[Source "ChessBase"]
[SourceDate "2020.10.23"]
[SourceVersion "1"]
[SourceVersionDate "2020.10.23"]
[SourceQuality "1"]

1. e4 e5 2. Nf3 d6 3. Nc3 Nc6 4. h3 Nge7 5. Bc4 Na5 6. Be2 c5 7. a3 Nac6 8. Bc4 h6 9. d3 a6 10. Nh4 Nd4 11. Nf3 Be6 12. Nd5 Nxf3+ 13. Qxf3 Nxd5 14. exd5 Bd7 15. b4 b6 16. Bb3 Be7 17. Qg3 Bf6 18. Rb1 Rb8 19. c4 a5 20. b5 Bf5 21. Bc2 Bg6 22. h4 Qd7 23. h5 Bh7 24. Bd2 Kd8 25. Kf1 Kc7 26. Re1 Rbe8 27. Bd1 Qf5 28. Re3 Qd7 29. Bf3 Bg5 30. Ke2 Bxe3 31. Bxe3 f5 32. Qh4 Rhf8 33. g3 Qf7 34. Kf1 f4 35. gxf4 Bxd3+ 0-1

[Event "MVP-ch Seniors op 18th"]
[Site "Ostseebad Binz"]
[Date "2018.12.03"]
[Round "6"]
[White "Noelter, Gerd"]
[Black "Tuertmann, Dieter"]
[Result "1-0"]
[WhiteElo "1862"]
[BlackElo "2012"]
[PlyCount "175"]
[EventDate "2018.11.28"]
[EventType "swiss"]
[EventRounds "9"]
[EventCountry "GER"]
[SourceTitle "CBM 188 Extra"]
[Source "ChessBase"]
[SourceDate "2019.02.26"]
[SourceVersion "1"]
[SourceVersionDate "2019.02.26"]
[SourceQuality "1"]

1. d4 Nf6 2. Nf3 b6 3. e3 e6 4. Bd3 Bb7 5. 0-0 a6 6. Nbd2 Be7 7. c3 d6 8. Qc2 h6 9. Re1 Nbd7 10. Ne4 c6 11. Nfd2 Nxe4 12. Nxe4 Qc7 13. f3 0-0 14. Nf2 c5 15. Be4 d5 16. Bd3 c4 17. Bf1 Nf6 18. f4 Rad8 19. Be2 Ne4 20. Ng4 f6 21. Bf3 Bd6 22. g3 b5 23. a3 Bc6 24. Nf2 Nxf2 25. Qxf2 e5 26. Qg2 e4 27. Bh5 Kh7 28. f5 Be8 29. Qh3 Qe7 30. Re2 Bf7 31. Rf2 Qe8 32. Be2 g5 33. fxg6+ Bxg6 34. Bg4 Kg7 35. Bd2 h5 36. Bf5 Be7 37. Raf1 Rh8 38. Rf4 Rd6 39. Be1 Bxf5 40. Rxf5 Rh6 41. R1f4 Qh8 42. Qg2 Kf7 43. h4 Qh7 44. Qh3 Ke8 45. Kf1 Kd8 46. Rf2 Rg6 47. R5f4 Qg7 48. Rg2 Rg4 49. Qh2 Qg6 50. Rxg4 Qxg4 51. Rf2 f5 52. Rf4 Qg6 53. Qf2 Rf6 54. Qe2 Bd6 55. Rf2 Bxg3 56. Rg2 f4 57. exf4 Rxf4+ 58. Bf2 Rxf2+ 59. Qxf2 Bxf2 60. Rxg6 Bxh4 61. Rd6+ Kc7 62. Rxd5 Bg3 63. Rxh5 Bf4 64. Ke1 Kc6 65. Kd1 Bg3 66. Rh6+ Bd6 67. Ke2 Kd5 68. Ke3 Be7 69. Rh5+ Kc6 70. Kxe4 a5 71. Rh6+ Bd6 72. Rg6 Kd7 73. Kd5 Bf8 74. Rb6 b4 75. axb4 axb4 76. Kxc4 bxc3 77. bxc3 Kc7 78. Rg6 Ba3 79. Kd5 Bc1 80. c4 Bf4 81. c5 Bh2 82. Rg7+ Kd8 83. Kc6 Bf4 84. d5 Be5 85. Rh7 Kc8 86. Re7 Bf6 87. Re8+ Bd8 88. d6 1-0

[Event "MVP-ch Seniors op 17th"]
[Site "Binz"]
[Date "2017.12.05"]
[Round "7.60"]
[White "Noelter, Gerd"]
[Black "Neumann, Horst"]
[Result "1-0"]
[WhiteElo "1862"]
[BlackElo "1695"]
[PlyCount "113"]
[EventDate "2017.11.29"]
[EventType "swiss"]
[EventRounds "9"]
[EventCountry "GER"]
[SourceTitle "EXT 2019"]
[Source "ChessBase"]
[SourceDate "2018.10.10"]
[SourceVersion "1"]
[SourceVersionDate "2018.10.10"]
[SourceQuality "1"]

1. d4 d5 2. Nf3 Nf6 3. Bf4 Bg4 4. Ne5 Bh5 5. h3 e6 6. c3 Bd6 7. Qb3 b6 8. Qa4+ Nbd7 9. e3 0-0 10. Nc6 Qe8 11. Bxd6 cxd6 12. Qa6 Nc5 13. Qb5 Ncd7 14. Nb4 Nb8 15. Qd3 Bg6 16. Qd1 a5 17. Nd3 b5 18. a3 Na6 19. Nf4 Qd7 20. Nd2 e5 21. Nd3 exd4 22. cxd4 Rfb8 23. Nf4 Rc8 24. Nxg6 fxg6 25. Qb3 Rab8 26. Be2 a4 27. Qa2 Qb7 28. Bd3 b4 29. 0-0 b3 30. Qb1 Nc7 31. Qd1 Re8 32. Rc1 Ne4 33. Nb1 Nf6 34. Nc3 Ra8 35. Qe2 Ne4 36. Rfe1 Rf8 37. Rf1 Rfe8 38. Qe1 Nxc3 39. Qxc3 Rec8 40. Qc6 Qxc6 41. Rxc6 Ne8 42. Rfc1 Rxc6 43. Rxc6 Ra7 44. Be2 Kf7 45. f4 Kf6 46. Kf2 h6 47. g4 Kf7 48. h4 Nf6 49. Bf3 Ke6 50. Ke2 Kd7 51. Rc1 Rc7 52. Rxc7+ Kxc7 53. Kd3 Kc6 54. g5 Nd7 55. e4 Nb6 56. exd5+ Nxd5 57. Kc4 1-0

[Event "Mecklenburg VP LL2 West 1617"]
[Site "Mecklenburg VP"]
[Date "2017.01.15"]
[Round "5.5"]
[White "Noelter, Gerd"]
[Black "Schult, Tobias"]
[Result "1/2-1/2"]
[WhiteElo "1892"]
[BlackElo "1805"]
[PlyCount "34"]
[EventDate "2016.10.16"]
[EventType "team-tourn"]
[EventRounds "9"]
[EventCountry "GER"]
[SourceTitle "EXT 2022"]
[Source "ChessBase"]
[SourceDate "2021.10.06"]
[SourceVersion "1"]
[SourceVersionDate "2021.10.06"]
[SourceQuality "1"]
[WhiteTeam "Wismar ASV Gruen-Weiss II"]
[BlackTeam "Parchim SV Blau-Weiss 69"]
[WhiteTeamCountry "GER"]
[BlackTeamCountry "GER"]

1. e4 e5 2. Nf3 Nc6 3. Bb5 a6 4. Ba4 b5 5. Bb3 Bb7 6. c3 Nf6 7. d3 d6 8. 0-0 Be7 9. Be3 0-0 10. Nbd2 Na5 11. Bc2 c5 12. a4 Nc6 13. axb5 axb5 14. Rxa8 Bxa8 15. d4 c4 16. dxe5 dxe5 17. h3 h6 1/2-1/2

[Event "MVP-ch Seniors op 16th"]
[Site "Binz"]
[Date "2016.11.24"]
[Round "2.48"]
[White "Noelter, Gerd"]
[Black "Molsner, Heinz"]
[Result "0-1"]
[WhiteElo "1892"]
[BlackElo "1731"]
[PlyCount "74"]
[EventDate "2016.11.23"]
[EventType "swiss"]
[EventRounds "9"]
[EventCountry "GER"]
[SourceTitle "EXT 2018"]
[Source "ChessBase"]
[SourceDate "2017.10.13"]
[SourceVersion "1"]
[SourceVersionDate "2017.10.13"]
[SourceQuality "1"]

1. d4 d5 2. Nf3 e6 3. Bf4 Nf6 4. c3 Be7 5. h3 0-0 6. e3 Nbd7 7. Bd3 c5 8. Qc2 c4 9. Be2 Re8 10. Nbd2 Nf8 11. e4 Ng6 12. Bg5 Nh5 13. Bxe7 Qxe7 14. e5 f6 15. 0-0 Nhf4 16. Rfe1 fxe5 17. Nxe5 Nxe5 18. dxe5 Qg5 19. Bg4 h5 20. Nf3 Qh6 21. g3 hxg4 22. hxg4 Nd3 23. Kg2 Nxe1+ 24. Rxe1 g6 25. g5 Qg7 26. Nh4 Kf7 27. Re3 Ke7 28. Nxg6+ Kd8 29. f4 b6 30. b3 Qh7 31. Re1 d4 32. Rg1 Bb7+ 33. Kf1 d3 34. Qf2 Qxg6 35. Qd4+ Bd5 36. bxc4 Qe4 37. cxd5 Qe2# 0-1

[Event "MVP-ch Seniors op 16th"]
[Site "Binz"]
[Date "2016.11.23"]
[Round "1.81"]
[White "Junghans, Rolf"]
[Black "Noelter, Gerd"]
[Result "1/2-1/2"]
[WhiteElo "1403"]
[BlackElo "1892"]
[PlyCount "119"]
[EventDate "2016.11.23"]
[EventType "swiss"]
[EventRounds "9"]
[EventCountry "GER"]
[SourceTitle "EXT 2018"]
[Source "ChessBase"]
[SourceDate "2017.10.13"]
[SourceVersion "1"]
[SourceVersionDate "2017.10.13"]
[SourceQuality "1"]

1. c4 Nf6 2. Nc3 c6 3. Nf3 e6 4. d3 d5 5. cxd5 exd5 6. Bd2 Bd6 7. g3 0-0 8. Bg2 Nbd7 9. 0-0 Re8 10. Re1 Ne5 11. d4 Nc4 12. Qc1 Nxd2 13. Qxd2 Bf5 14. e3 h6 15. Nh4 Bg4 16. h3 Bd7 17. Qd3 Qc8 18. Kh2 Nh7 19. Nf3 Bf5 20. Qd2 Nf8 21. a3 Qc7 22. Ne2 Re7 23. Rac1 Rae8 24. Rc3 Ng6 25. Kg1 Qd7 26. Kh2 Be4 27. Nfg1 Bxg2 28. Kxg2 Qf5 29. Nf3 Nf8 30. Qd3 Qf6 31. b4 a6 32. Nh4 g6 33. Nf3 Nd7 34. Nh2 Qg7 35. Ng1 Nf6 36. Ngf3 Ne4 37. Rb3 f5 38. Nd2 Rf7 39. Nxe4 fxe4 40. Qe2 Ref8 41. Rf1 Rf5 42. f4 g5 43. g4 R5f7 44. f5 Rf6 45. Rf2 Qc7 46. Kf1 Bg3 47. Rg2 h5 48. Kg1 h4 49. Nf1 Bd6 50. Qb2 Kg7 51. Qc3 Qb6 52. Rgb2 Ra8 53. Rb1 Rf7 54. Qe1 Ra7 55. Qe2 Qd8 56. a4 a5 57. b5 Bb4 58. bxc6 bxc6 59. Rc1 Qd6 60. Qh2 1/2-1/2

[Event "Sachsen-Anhalt-ch Seniors 24th"]
[Site "Halberstadt"]
[Date "2016.06.02"]
[Round "5"]
[White "Gehrmann, Dorit"]
[Black "Noelter, Gerd"]
[Result "1/2-1/2"]
[WhiteElo "1897"]
[BlackElo "1862"]
[PlyCount "56"]
[EventDate "2016.05.29"]
[EventType "swiss"]
[EventRounds "7"]
[EventCountry "GER"]
[SourceTitle "EXT 2019"]
[Source "ChessBase"]
[SourceDate "2018.10.10"]
[SourceVersion "1"]
[SourceVersionDate "2018.10.10"]
[SourceQuality "1"]

1. e4 e6 2. d4 d5 3. exd5 exd5 4. Bd3 Nc6 5. c4 Bd6 6. Be3 Nce7 7. Qc2 h6 8. Ne2 Nf6 9. h3 c6 10. Bf4 Nh5 11. Bxd6 Qxd6 12. 0-0 Nf4 13. Nxf4 Qxf4 14. Re1 Qg5 15. Re3 0-0 16. Rg3 Qf6 17. Nd2 Bf5 18. Re1 Bxd3 19. Qxd3 Ng6 20. Rf3 Qd6 21. Rfe3 Qd7 22. Qe2 Nf4 23. Qf3 Ng6 24. Nb3 Rae8 25. Nc5 Rxe3 26. Rxe3 Qc8 27. Qe2 Rd8 28. Nd3 Nf8 1/2-1/2

[Event "MVP-ch Seniors op 15th"]
[Site "Binz"]
[Date "2015.12.01"]
[Round "8.50"]
[White "Walther, Gerd"]
[Black "Noelter, Gerd"]
[Result "1-0"]
[WhiteElo "1769"]
[BlackElo "1621"]
[PlyCount "65"]
[EventDate "2015.11.24"]
[EventType "swiss"]
[EventRounds "9"]
[EventCountry "GER"]
[SourceTitle "EXT 2017"]
[Source "ChessBase"]
[SourceDate "2016.10.25"]
[SourceVersion "1"]
[SourceVersionDate "2016.10.25"]
[SourceQuality "1"]

1. d4 d5 2. Nf3 Nf6 3. Bg5 e6 4. e3 c6 5. Bd3 Be7 6. Nbd2 Nbd7 7. 0-0 0-0 8. c3 Re8 9. Ne5 Nf8 10. f4 N6d7 11. Bxe7 Qxe7 12. Ndf3 f5 13. Qe1 Nxe5 14. dxe5 Ng6 15. h4 Bd7 16. g3 c5 17. Rf2 c4 18. Be2 Qc5 19. Nd4 b5 20. h5 Nf8 21. g4 Re7 22. Rg2 g6 23. Qg3 Rae8 24. Kf2 Rf7 25. gxf5 exf5 26. Rh1 Rg7 27. Qh4 Qe7 28. Qxe7 Rexe7 29. Bf3 Kf7 30. Bxd5+ Ke8 31. Rhg1 g5 32. Rxg5 Rxg5 33. Rxg5 1-0

[Event "MVP-ch Seniors op 14th"]
[Site "Binz"]
[Date "2014.12.01"]
[Round "7"]
[White "Noelter, Gerd"]
[Black "Josting, Friedel"]
[Result "0-1"]
[WhiteElo "1619"]
[BlackElo "1757"]
[PlyCount "86"]
[EventDate "2014.11.25"]
[EventType "swiss"]
[EventRounds "9"]
[EventCountry "GER"]
[SourceTitle "EXT 2016"]
[Source "ChessBase"]
[SourceDate "2015.10.08"]
[SourceVersion "1"]
[SourceVersionDate "2015.10.08"]
[SourceQuality "1"]

1. d4 e6 2. Nf3 Nf6 3. Bf4 b6 4. e3 Bb7 5. Bd3 Be7 6. h3 0-0 7. 0-0 h6 8. Nbd2 d5 9. c3 Nbd7 10. Qc2 c5 11. Rfe1 Rc8 12. Qd1 Ne4 13. Nf1 Ndf6 14. Ne5 a6 15. f3 Nd6 16. Bh2 Nd7 17. f4 Ne4 18. Qg4 Ndf6 19. Qf3 Bd6 20. Ng3 b5 21. Nh5 Rc7 22. Nxf6+ Qxf6 23. Ng4 Qe7 24. Nf2 f5 25. Bf1 Bc6 26. Nd3 Bd7 27. Qd1 Be8 28. g3 Qf6 29. Bg2 g5 30. Bxe4 fxe4 31. Ne5 Rg7 32. Ng4 Qg6 33. Ne5 Bxe5 34. fxe5 Rgf7 35. Rc1 Rf3 36. Rc2 c4 37. Rg2 Qh5 38. h4 Qg4 39. Kh1 Bh5 40. Qc1 Qh3 41. Kg1 Qf5 42. Qb1 Rf2 43. Qc1 Rxg2+ 0-1

[Event "MVP-ch Seniors op 14th"]
[Site "Binz"]
[Date "2014.11.29"]
[Round "5"]
[White "Noelter, Gerd"]
[Black "Klose, Hans Peter"]
[Result "1/2-1/2"]
[WhiteElo "1619"]
[BlackElo "1408"]
[PlyCount "59"]
[EventDate "2014.11.25"]
[EventType "swiss"]
[EventRounds "9"]
[EventCountry "GER"]
[SourceTitle "EXT 2016"]
[Source "ChessBase"]
[SourceDate "2015.10.08"]
[SourceVersion "1"]
[SourceVersionDate "2015.10.08"]
[SourceQuality "1"]

1. d4 Nf6 2. Nf3 g6 3. Bf4 Bg7 4. e3 0-0 5. h3 b6 6. Be2 Bb7 7. 0-0 c5 8. c3 d6 9. Nbd2 Nbd7 10. Bd3 a6 11. Re1 Re8 12. Bg5 h6 13. Bh4 Rc8 14. Bg3 Qc7 15. Qe2 Ra8 16. Rac1 e5 17. e4 Nh5 18. Bh2 Nf4 19. Qf1 Nxd3 20. Qxd3 h5 21. d5 Bh6 22. Rc2 a5 23. a4 Ba6 24. c4 Qd8 25. g3 Bc8 26. Nh4 Nf6 27. f4 Bxh3 28. f5 g5 29. Nhf3 Ng4 30. Nf1 1/2-1/2

[Event "MVP-ch Seniors op 14th"]
[Site "Binz"]
[Date "2014.11.26"]
[Round "2"]
[White "Bondick, Karl Heinz"]
[Black "Noelter, Gerd"]
[Result "1-0"]
[WhiteElo "1992"]
[BlackElo "1619"]
[PlyCount "45"]
[EventDate "2014.11.25"]
[EventType "swiss"]
[EventRounds "9"]
[EventCountry "GER"]
[SourceTitle "EXT 2016"]
[Source "ChessBase"]
[SourceDate "2015.10.08"]
[SourceVersion "1"]
[SourceVersionDate "2015.10.08"]
[SourceQuality "1"]

1. d4 d5 2. e4 e6 3. Be3 Nf6 4. f3 b6 5. Nd2 dxe4 6. fxe4 Bb7 7. Bd3 Nbd7 8. Ngf3 c5 9. c3 Be7 10. Qe2 0-0 11. a4 a5 12. 0-0 Ra7 13. Kh1 Qa8 14. Bg1 g6 15. Rae1 Nh5 16. Be3 Ndf6 17. Bh6 Ng7 18. Ne5 Bd6 19. Rxf6 Bxe5 20. dxe5 Re8 21. Ref1 Re7 22. Bxg7 Kxg7 23. Nc4 1-0

[Event "MVP-ch Seniors op 13th"]
[Site "Binz"]
[Date "2013.12.03"]
[Round "7"]
[White "Bade, Heidrun"]
[Black "Noelter, Gerd"]
[Result "1/2-1/2"]
[WhiteElo "1716"]
[BlackElo "1597"]
[PlyCount "73"]
[EventDate "2013.11.27"]
[EventType "swiss"]
[EventRounds "9"]
[EventCountry "GER"]
[SourceTitle "EXT 2015"]
[Source "ChessBase"]
[SourceDate "2014.11.20"]
[SourceVersion "1"]
[SourceVersionDate "2014.11.20"]
[SourceQuality "1"]

1. e4 e6 2. d4 d5 3. e5 c5 4. Nf3 b6 5. Bf4 cxd4 6. Bd3 Nc6 7. a3 Nge7 8. 0-0 a5 9. Re1 Ba6 10. Bxa6 Rxa6 11. Nxd4 Nxd4 12. Qxd4 Qc7 13. Nc3 Nc6 14. Qd3 Nb8 15. Nb5 Qc6 16. Nd4 Qd7 17. Qg3 g6 18. Bg5 Bg7 19. Re3 Nc6 20. Nf3 Ne7 21. Rc3 0-0 22. Nd4 Raa8 23. Re1 Rac8 24. h4 Rc4 25. Qd3 Rfc8 26. Rxc4 Rxc4 27. c3 a4 28. Qh3 Nc6 29. Nxc6 Qxc6 30. h5 h6 31. Bd2 g5 32. Qf3 Qc7 33. Qg3 Re4 34. f4 gxf4 35. Bxf4 Rxe1+ 36. Qxe1 Qc4 37. Qd2 1/2-1/2